000 00376nam a2200157Ia 4500
008 230917s9999||||xx |||||||||||||| ||und||
040 _e84401
_aMAIN
041 _aEnglish
082 _a370.15 W884E
100 _aWoolfolk, Anita
245 0 _aEducational Psychology
250 _a4th ed.
260 _aBoston
_bAllyn and Bacon
_c1990
300 _axv, 622 p.
942 _cBK
999 _c78199
_d78199